All 1M U.S. Cities on the Map - Statistics

General Stats
  • This quiz has been taken 3,798 times
    3,502 since last reset
  • The average score is 44 of 53
Answers on the Map
Answers color-coded by a green-red scale on the quiz's map according to % correct below.
 
Answer Stats
Population City % Correct
17.7 mil Los Angeles
98%
22.1 mil New York City
97%
9.75 mil Chicago
96%
6.40 mil Miami
96%
7.85 mil San Francisco
96%
4.42 mil Seattle
96%
7.20 mil Dallas
95%
6.75 mil Houston
95%
7.75 mil Boston
94%
3.75 mil Denver
94%
2.27 mil Las Vegas
94%
5.85 mil Atlanta
93%
5.75 mil Detroit
93%
4.70 mil Phoenix
93%
3.35 mil San Diego
93%
8.55 mil Washington
93%
7.35 mil Philadelphia
92%
2.42 mil Portland
92%
1.96 mil Austin
91%
1.00 mil Honolulu
91%
1.01 mil New Orleans
91%
2.45 mil Salt Lake City
91%
3.45 mil Orlando
89%
3.17 mil Minneapolis
88%
1.14 mil Oklahoma City
88%
2.00 mil Indianapolis
87%
1.48 mil Nashville
87%
4.37 mil Tampa
87%
2.07 mil Sacramento
86%
1.45 mil Jacksonville
85%
1.99 mil Kansas City
85%
1.03 mil El Paso
84%
2.22 mil San Antonio
84%
3.07 mil Cleveland
83%
1.35 mil Buffalo
81%
1.76 mil Columbus
81%
1.16 mil Memphis
81%
2.05 mil Pittsburgh
81%
2.35 mil Saint Louis
81%
1.55 mil Milwaukee
80%
2.47 mil Charlotte
79%
2.77 mil Cincinnati
79%
1.66 mil Raleigh
75%
1.00 mil Tucson
73%
1.06 mil Louisville
70%
1.07 mil Richmond
70%
1.61 mil Virginia Beach
69%
1.69 mil Hartford
65%
1.33 mil Harrisburg
57%
1.30 mil McAllen
47%
1.09 mil Cape Coral
38%
1.26 mil Stockton
38%
1.20 mil Melbourne
27%
No matching quizzes found
Score Distribution
Percent of People with Each Score
Percentile by Number Answered
Your Score History
You have not taken this quiz since the last reset